[Event "Ch Spain (team)"]
[Site "masterchessopen.com - Cordoba (Spain)"]
[Round "9"]
[White "Herraiz Hidalgo Herminio (ESP)"]
[Black "Martin Gonzalez Angel (ESP)"]
[Result "0-1"]
[WhiteElo "2260"]
[BlackElo "2445"]

1.d4 Nf6 2.c4 c5 3.d5 e6 4.Nc3 exd5 5.cxd5 d6 6.e4 g6 7.f4 Bg7 8.Bb5+ Nfd7
9.a4 O-O 10.Nf3 a6 11.Bd3 Qc7 12.Qb3 b5 13.axb5 Nb6 14.Nd2 N8d7 15.bxa6 c4
16.Bxc4 Nc5 17.Qc2 Nxc4 18.Nxc4 Bxa6 19.Rxa6 Nxa6 20.Nb5 Qc5 21.Nbxd6 Nb4
22.Qb1 Ra1 {#R} 0-1

[Event "It (open)"]
[Site "masterchessopen.com - Geneva (Switzerland)"]
[Round "9"]
[White "Touzane Olivier (FRA)"]
[Black "Caruso Daniele (ITA)"]
[Result "1-0"]
[WhiteElo "2250"]
[BlackElo "2097"]

1.d4 Nf6 2.c4 c5 3.d5 e6 4.Nc3 exd5 5.cxd5 d6 6.e4 g6 7.f4 Bg7 8.Bb5+ Nfd7
9.a4 O-O 10.Nf3 Nf6 11.O-O Bg4 12.Bd2 Na6 13.Be1 Nc7 14.Bc4 Nd7 15.Bg3 b6
16.Qd3 Bxf3 17.Rxf3 a6 18.Re1 Re8 19.e5 dxe5 20.d6 Ne6 21.fxe5 Qc8 22.Nd5 Ng5
23.Ne7+ Rxe7 24.dxe7 Nxf3+ 25.Qxf3 {#r} 1-0

[Event "It (open)"]
[Site "masterchessopen.com - Hradec Kralove (Czech Republic)"]
[Round "9"]
[White "Trojacek Pavel (CZE)"]
[Black "Prymula Roman (CZE)"]
[Result "1-0"]
[WhiteElo "2085"]
[BlackElo "2255"]

1.d4 Nf6 2.c4 c5 3.d5 e6 4.Nc3 exd5 5.cxd5 d6 6.e4 g6 7.f4 Bg7 8.Bb5+ Nfd7
9.a4 O-O 10.Nf3 a6 11.Bd3 b6 12.O-O Re8 13.e5 dxe5 14.f5 Nf8 15.Ng5 f6 16.Nxh7
Kxh7 17.fxg6+ Kg8 18.Qh5 Nc6 19.Bh6 Nd4 20.Ne4 f5 21.Bg5 fxe4 22.Bxd8 Rxd8
23.Bxe4 Rd6 24.Rf7 Rf6 25.Rxf6 Bxf6 26.Rf1 Kg7 27.Rxf6 Kxf6 28.Qh4+ {#r} 1-0

[Event "It"]
[Site "masterchessopen.com - Jakarta (Indonesia)"]
[Round "11"]
[White "Lodhi Mahmood (PAK)"]
[Black "Kurniawan Bobby (INA)"]
[Result "0-1"]
[WhiteElo "2425"]
[BlackElo "2330"]

1.d4 Nf6 2.c4 c5 3.d5 e6 4.Nc3 exd5 5.cxd5 d6 6.e4 g6 7.f4 Bg7 8.Bb5+ Nfd7
9.a4 O-O 10.Nf3 Na6 11.O-O Nb4 12.Kh1 a6 13.Bc4 Nb6 14.Be2 Bg4 15.Be3 Re8
16.Qd2 Qe7 17.e5 Nd7 18.Ne4 dxe5 19.d6 Qd8 20.fxe5 Bxf3 21.Bxf3 Rxe5 22.Nxc5
Nxc5 23.Qxb4 a5 24.Qxc5 Rxc5 25.Bxc5 Qg5 26.Ba3 Be5 27.g3 h5 28.Rad1 h4
29.gxh4 Qxh4 30.Rd2 Kg7 31.Bc5 Qc4 {#R} 0-1

[Event "It (open)"]
[Site "masterchessopen.com - Sitges (Spain)"]
[Round "2"]
[White "Luft Andreas (GER)"]
[Black "Roche F"]
[Result "1-0"]
[WhiteElo "2315"]
[BlackElo "2125"]

1.d4 Nf6 2.c4 e6 3.Nc3 c5 4.d5 exd5 5.cxd5 d6 6.e4 g6 7.f4 Bg7 8.Bb5+ Nfd7
9.a4 O-O 10.Nf3 Nf6 11.h3 a6 12.Bd3 Nbd7 13.O-O Re8 14.Re1 Qc7 15.Bc2 b6 16.e5
dxe5 17.d6 Qd8 18.fxe5 Nh5 19.Bg5 f6 20.Qd5+ Kh8 21.e6 fxg5 22.e7 Bb7
23.exd8=Q {#r} 1-0

[Event "Memorial M.Chigorin"]
[Site "masterchessopen.com - St. Petersburg (Russia)"]
[Round "5"]
[White "Yuneev Alexey (RUS)"]
[Black "Kostometov S (RUS)"]
[Result "1-0"]
[WhiteElo "2415"]
[BlackElo "2264"]

1.d4 Nf6 2.c4 e6 3.Nc3 c5 4.d5 exd5 5.cxd5 d6 6.e4 g6 7.f4 Bg7 8.Bb5+ Nfd7
9.a4 O-O 10.Nf3 Na6 11.O-O Nc7 12.Bc4 Re8 13.e5 dxe5 14.Ng5 e4 15.d6 Ne6 16.f5
Bd4+ 17.Kh1 Nxg5 18.fxg6 hxg6 19.Bxg5 Qxg5 20.Bxf7+ Kg7 21.Bxe8 Ne5 22.Nxe4
Qh4 23.Nxc5 Bf5 24.Rxf5 Rxe8 25.d7 Nxd7 26.g3 {#r} 1-0

[Event "Ch Switzerland (team)"]
[Site "masterchessopen.com - Switzerland"]
[Round "2"]
[White "Barbero Gerardo F (ARG)"]
[Black "Weigler Arnd (GER)"]
[Result "1-0"]
[WhiteElo "2435"]
[BlackElo "2115"]

1.d4 Nf6 2.c4 c5 3.d5 e6 4.Nc3 exd5 5.cxd5 g6 6.e4 d6 7.f4 Bg7 8.Bb5+ Nfd7
9.a4 O-O 10.Nf3 a6 11.Bd3 Nf6 12.h3 c4 13.Bxc4 Nxe4 14.Nxe4 Re8 15.Ng5 Bf5
16.Bd3 Bxe4 17.Bxe4 h6 18.Ne6 Qb6 19.Bxg6 Rxe6+ 20.dxe6 fxg6 21.Qd3 Nc6 22.a5
Qc5 23.Bd2 Nb4 24.Qxg6 Nc2+ 25.Kd1 Nxa1 26.Bc3 Qd5+ 27.Ke2 Qc4+ 28.Kf3 Qc6+
29.Kg3 Qc7 30.Rxa1 Rc8 {#r} 1-0

[Event "It"]
[Site "masterchessopen.com - Verona (Italy)"]
[Round "0"]
[White "Bevilacqua Maurizio (ITA)"]
[Black "Barberi Alessandro (ITA)"]
[Result "1-0"]
[WhiteElo "2147"]
[BlackElo "2062"]

1.d4 Nf6 2.c4 c5 3.d5 e6 4.Nc3 exd5 5.cxd5 d6 6.e4 g6 7.f4 Bg7 8.Bb5+ Nfd7
9.a4 O-O 10.Nf3 Nf6 11.O-O a6 12.Bd3 Bg4 13.h3 Bxf3 14.Qxf3 Nbd7 15.Be3 Qb6
16.Rf2 Qb4 17.g4 c4 18.Bf1 Rfe8 19.g5 Nxe4 20.Nxe4 Bxb2 21.Bd2 Qb3 22.Rb1 Qxf3
23.Rxf3 {#r} 1-0

[Event "Ch Lithuania"]
[Site "masterchessopen.com - Vilnius (Lithuania)"]
[Round "6"]
[White "Grigutavicius Dainius (LTU)"]
[Black "Rocius Marijonas (LTU)"]
[Result "0-1"]
[WhiteElo "2171"]
[BlackElo "2184"]

1.d4 Nf6 2.c4 e6 3.Nc3 c5 4.d5 exd5 5.cxd5 d6 6.e4 g6 7.f4 Bg7 8.Bb5+ Nfd7
9.a4 O-O 10.Nf3 Re8 11.Nd2 Bd4 12.Qf3 a6 13.Bd3 f5 14.Ne2 fxe4 15.Nxe4 Nf6
16.h3 Nxe4 17.Bxe4 Qe7 18.Bd3 Qf6 19.Be4 Bf5 20.Bxf5 Qxf5 21.Kf1 Qc2 22.Nxd4
cxd4 23.f5 Nd7 24.Bh6 Re5 25.Kg1 Rxf5 26.Qg3 Ne5 27.Rc1 Qe2 28.Qe1 Qxe1+
29.Rxe1 Rc8 30.Kh2 g5 31.h4 Ng4+ 32.Kg3 Nxh6 {#R} 0-1

[Event "Memorial J.Donner (open)"]
[Site "masterchessopen.com - Amsterdam (Netherlands)"]
[Round "5"]
[White "Dao Thien Hai (VIE)"]
[Black "Kristensen Bjarke (DEN)"]
[Result "1-0"]
[WhiteElo "2535"]
[BlackElo "2420"]

1.d4 Nf6 2.c4 c5 3.d5 e6 4.Nc3 exd5 5.cxd5 d6 6.e4 g6 7.f4 Bg7 8.Bb5+ Nfd7
9.a4 O-O 10.Nf3 Na6 11.O-O Nb4 12.Re1 a6 13.Bf1 Nf6 14.h3 b6 15.Be3 Bb7 16.Qd2
Qc7 17.Bc4 Nd7 18.Bf2 Rae8 19.Bg3 Bd4+ 20.Kh1 Nf6 21.Rac1 Nh5 22.Bh2 Bg7 23.e5
f5 24.Ng5 Bh6 25.Ne6 {#r} 1-0

[Event "Ch Netherlands (juniors) (under 20)"]
[Site "masterchessopen.com - Arnhem (Netherlands)"]
[Round "3"]
[White "Aubel Jochem (NED)"]
[Black "Dambacher Martijn (NED)"]
[Result "1-0"]
[WhiteElo "2243"]
[BlackElo "2085"]

1.d4 c5 2.d5 Nf6 3.c4 e6 4.Nc3 exd5 5.cxd5 d6 6.e4 g6 7.f4 Bg7 8.Bb5+ Nfd7
9.a4 O-O 10.Nf3 Na6 11.O-O Nc7 12.Bd3 a6 13.Be3 Rb8 14.Bf2 b5 15.axb5 axb5
16.Bh4 Qe8 17.e5 dxe5 18.d6 Ne6 19.f5 Nd4 20.Nd5 Nb6 21.Ne7+ Kh8 22.Ng5 h6
23.fxg6 f6 24.Nh7 f5 25.Qh5 Be6 26.Bg5 {#r} 1-0

[Event "It (open)"]
[Site "masterchessopen.com - Balatonbereny (Hungary)"]
[Round "5"]
[White "Schwarz Adrian (ISR)"]
[Black "Turcan Milan (SVK)"]
[Result "0-1"]
[WhiteElo "2230"]
[BlackElo "2110"]

1.d4 Nf6 2.c4 e6 3.Nc3 c5 4.d5 exd5 5.cxd5 d6 6.e4 g6 7.f4 Bg7 8.Bb5+ Nfd7
9.a4 O-O 10.Nf3 Na6 11.O-O Nc7 12.Bd3 a6 13.a5 b5 14.axb6 Nxb6 15.f5 Bb7
16.Bf4 c4 17.Bc2 Nb5 18.Qd2 gxf5 19.Nxb5 axb5 20.Rxa8 Bxa8 21.Nd4 fxe4 22.Nf5
Nxd5 23.Bxe4 Nxf4 24.Qxf4 Bxe4 25.Qxe4 d5 26.Qg4 Qf6 27.Rd1 Rd8 28.Rd4 Kh8
29.Qh3 Qb6 30.Qg4 Bxd4+ {#R} 0-1

[Event "Memorial J.Capablanca (c)"]
[Site "masterchessopen.com - Cienfuegos (Cuba)"]
[Round "2"]
[White "Matamoros Franco Carlos S (ECU)"]
[Black "Hernandez Tania (CUB)"]
[Result "1-0"]
[WhiteElo "2460"]
[BlackElo "2220"]

1.d4 Nf6 2.c4 c5 3.d5 e6 4.Nc3 exd5 5.cxd5 d6 6.e4 g6 7.f4 Bg7 8.Bb5+ Nfd7
9.a4 O-O 10.Nf3 Na6 11.O-O Nb4 12.Re1 a6 13.Bf1 Nf6 14.h3 h5 15.Be3 Re8 16.Bf2
b6 17.Bh4 Qc7 18.Bc4 Nh7 19.e5 Bf5 20.Rc1 Bh6 21.Bg3 Qd7 22.e6 fxe6 23.dxe6
Bxe6 24.Rxe6 Rxe6 25.Ne5 Qc8 26.Qxd6 Nf8 27.Qxb6 Kh8 28.Bxe6 Nxe6 29.Re1 Bxf4
30.Bxf4 Nxf4 31.Qf6+ {#r} 1-0

[Event "Czech League 1995/96 (2nd) (a)"]
[Site "masterchessopen.com - Czech Republic"]
[Round "8"]
[White "Pospisil Evzen (CZE)"]
[Black "Kastner Oldrich (CZE)"]
[Result "1-0"]
[WhiteElo "2084"]
[BlackElo "2137"]

1.d4 Nf6 2.c4 c5 3.d5 e6 4.Nc3 exd5 5.cxd5 d6 6.e4 g6 7.f4 Bg7 8.Bb5+ Nfd7
9.a4 O-O 10.Nf3 Re8 11.O-O Na6 12.e5 dxe5 13.fxe5 Bxe5 14.Nxe5 Rxe5 15.Bf4 Re8
16.Qf3 f5 17.d6 Nb4 18.Rae1 a6 19.Bc4+ Kh8 20.Bg5 Qxg5 21.Rxe8+ Kg7 22.Rg8+
Kh6 23.Qh3+ Qh5 24.Qxh5+ Kxh5 25.Be6 Nb6 26.Bxc8 Rxc8 27.Rxc8 {#r} 1-0

[Event "Ch SBRAM (b) 1996/97"]
[Site "masterchessopen.com - Germany"]
[Round "0"]
[White "Zupcevic Samir (GER)"]
[Black "Pandorf Horst (GER)"]
[Result "1-0"]
[WhiteElo "2161"]
[BlackElo "1710"]

1.d4 Nf6 2.c4 c5 3.d5 e6 4.Nc3 exd5 5.cxd5 d6 6.e4 g6 7.f4 Bg7 8.Bb5+ Nfd7
9.a4 a6 10.Be2 O-O 11.Nf3 Nf6 12.O-O Bg4 13.h3 Bxf3 14.Bxf3 Nbd7 15.Qc2 Rb8
16.a5 b5 17.axb6 Qxb6 18.Kh1 Rfe8 19.g4 Qa7 20.g5 Nh5 21.Bxh5 gxh5 22.f5 Bd4
23.Qe2 a5 24.Nb5 Rxb5 25.Qxb5 Rxe4 26.Rxa5 Qc7 27.Ra8+ Kg7 28.f6+ Nxf6
29.gxf6+ Bxf6 30.Rg1+ Rg4 31.hxg4 h4 32.Qe8 Kg6 33.Qe3 {#r} 1-0

[Event "It (open)"]
[Site "masterchessopen.com - Gyongyos (Hungary)"]
[Round "0"]
[White "Pantaleev Dimitar (BUL)"]
[Black "Juhasz Bela (HUN)"]
[Result "0-1"]
[WhiteElo "2230"]
[BlackElo "2124"]

1.d4 Nf6 2.c4 c5 3.d5 e6 4.Nc3 exd5 5.cxd5 d6 6.e4 g6 7.f4 Bg7 8.Bb5+ Nfd7
9.a4 Qh4+ 10.g3 Qe7 11.Qe2 O-O 12.Nf3 Re8 13.Bd2 Na6 14.O-O Nb4 15.Bd3 Nf6
16.Rfe1 Bg4 17.Rad1 Nxd3 18.Qxd3 c4 19.Qf1 Nd7 20.h3 Bxf3 21.Qxf3 Nc5 22.Re2
Qd7 23.Kg2 Nxa4 24.Nxa4 Qxa4 25.Bc3 Qxd1 {#R} 0-1

[Event "It (open)"]
[Site "masterchessopen.com - Imperia (Italy)"]
[Round "0"]
[White "Dinser Hans (GER)"]
[Black "Biolek Richard (CZE)"]
[Result "0-1"]
[WhiteElo "1843"]
[BlackElo "2395"]

1.d4 Nf6 2.c4 c5 3.d5 e6 4.Nc3 exd5 5.cxd5 d6 6.e4 g6 7.f4 Bg7 8.Bb5+ Nfd7
9.a4 O-O 10.Nf3 Na6 11.O-O Nc7 12.Bd3 a6 13.Re1 Re8 14.Be3 Rb8 15.Qe2 Nf6
16.Qf1 b5 17.axb5 axb5 18.Bf2 b4 19.Nd1 Bd7 20.e5 Nfxd5 21.exd6 Rxe1 22.Qxe1
Ne6 23.f5 Nef4 24.Bc4 Bxf5 25.Bxd5 Nxd5 26.Bxc5 Rc8 27.Qf2 Nf4 28.Ne1 Rxc5
29.Qxc5 Bd4+ {#R} 0-1

[Event "Ch Netherlands (team) 1996/97"]
[Site "masterchessopen.com - Netherlands"]
[Round "5"]
[White "Van Beers Eddy (BEL)"]
[Black "Huizer Mark (NED)"]
[Result "1-0"]
[WhiteElo "2275"]
[BlackElo "2122"]

1.d4 Nf6 2.c4 e6 3.Nc3 c5 4.d5 exd5 5.cxd5 d6 6.e4 g6 7.f4 Bg7 8.Bb5+ Nfd7
9.a4 O-O 10.Nf3 Na6 11.O-O Nc7 12.Bc4 a6 13.Re1 Re8 14.e5 dxe5 15.d6 Ne6
16.fxe5 Nb6 17.Ba2 Bd7 18.a5 Nc8 19.Ne4 b6 20.Bg5 Nxg5 21.Nexg5 Be6 22.Nxe6
fxe6 23.d7 {#r} 1-0

[Event "It (open)"]
[Site "masterchessopen.com - Sant Boi (Spain)"]
[Round "0"]
[White "Hernandez Basante Francisco (CRC)"]
[Black "Garcia Riera Josep (ESP)"]
[Result "0-1"]
[WhiteElo "2235"]
[BlackElo "1987"]

1.d4 Nf6 2.c4 c5 3.d5 e6 4.Nc3 exd5 5.cxd5 d6 6.e4 g6 7.f4 Bg7 8.Bb5+ Nfd7
9.a4 O-O 10.Nf3 a6 11.Bd3 Nf6 12.O-O Nbd7 13.Qe1 Re8 14.Qh4 c4 15.Bc2 Nc5
16.Re1 Bd7 17.Ng5 h6 18.Nf3 Ng4 19.Qg3 Nd3 20.Bxd3 cxd3 21.h3 Nf6 22.a5 Rc8
23.Bd2 Rxc3 24.Bxc3 Nxe4 25.Qh4 Qxh4 26.Nxh4 Nxc3 27.bxc3 Bxc3 {#R} 0-1

[Event "Tournament (team)"]
[Site "masterchessopen.com - Wasserburg (Germany)"]
[Round "2"]
[White "Bosbach Gerhard (GER)"]
[Black "Haist Wolfgang (GER)"]
[Result "1-0"]
[WhiteElo "2204"]
[BlackElo "2260"]

1.d4 Nf6 2.c4 c5 3.d5 e6 4.Nc3 exd5 5.cxd5 d6 6.e4 g6 7.f4 Bg7 8.Bb5+ Nfd7
9.a4 Na6 10.Nf3 Nb4 11.O-O a6 12.Be2 O-O 13.Bd2 Nf6 14.Bc4 Bg4 15.Rc1 Rb8
16.h3 Bxf3 17.Qxf3 Nd7 18.Kh1 Nb6 19.Be2 Qe8 20.e5 Rd8 21.a5 Na4 22.Ne4 dxe5
23.f5 Nxd5 24.b3 gxf5 25.Qxf5 Ne7 26.Nf6+ Bxf6 27.Qxf6 Qc6 28.Qxe5 Ng6 29.Qg5
Nb2 30.Bc3 Nd3 31.Rcd1 f6 32.Bxf6 Rd5 33.Bxd3 {#r} 1-0

[Event "It (open)"]
[Site "masterchessopen.com - Ceske Budejovice (Czech Republic)"]
[Round "1"]
[White "Koukolik Alexander (CZE)"]
[Black "Nun Jiri (CZE)"]
[Result "0-1"]
[WhiteElo "2010"]
[BlackElo "2395"]

1.d4 Nf6 2.c4 e6 3.Nc3 c5 4.d5 exd5 5.cxd5 d6 6.e4 g6 7.f4 Bg7 8.Bb5+ Nfd7
9.a4 O-O 10.Nf3 Na6 11.O-O Nb4 12.Be3 a6 13.Be2 b6 14.Bf2 Bb7 15.Nd2 f5 16.Nc4
Qc7 17.Bh4 Rae8 18.exf5 Rxf5 19.g4 Bd4+ 20.Kh1 Rxd5 21.Nxd5 Bxd5+ 22.Rf3 Bxf3+
23.Bxf3 d5 24.Na3 Qxf4 25.Bg3 Qf7 {#R} 0-1

[Event "Ch Cyprus"]
[Site "masterchessopen.com - Cyprus"]
[Round "0"]
[White "Savva Panikos (CYP)"]
[Black "Poluektov Yury (RUS)"]
[Result "0-1"]
[WhiteElo "2067"]
[BlackElo "2302"]

1.d4 Nf6 2.c4 c5 3.d5 e6 4.Nc3 exd5 5.cxd5 d6 6.e4 g6 7.f4 Bg7 8.Bb5+ Nfd7
9.a4 O-O 10.Nf3 f5 11.O-O Bxc3 12.bxc3 fxe4 13.Ng5 Nf6 14.Ne6 Bxe6 15.dxe6 a6
16.Bc4 Kg7 17.f5 d5 18.e7 Qxe7 19.Bxd5 Nxd5 20.Qxd5 Nc6 21.Bg5 Qxg5 22.f6+ Kh6
23.Qd7 Rxf6 24.Qh3+ Kg7 25.Qd7+ Kh8 26.Rxf6 Qxf6 27.Rf1 Qe7 {#R} 0-1

[Event "Bundesliga 1996/97"]
[Site "masterchessopen.com - Germany"]
[Round "10"]
[White "Bosbach Gerhard (GER)"]
[Black "Lau Ralf (GER)"]
[Result "0-1"]
[WhiteElo "2204"]
[BlackElo "2495"]

1.d4 Nf6 2.c4 c5 3.d5 e6 4.Nc3 exd5 5.cxd5 d6 6.e4 g6 7.f4 Bg7 8.Bb5+ Nfd7
9.a4 O-O 10.Nf3 Na6 11.O-O Nc7 12.Bd3 a6 13.Bd2 Rb8 14.Rb1 b5 15.axb5 axb5
16.b4 cxb4 17.Rxb4 Nc5 18.Qb1 Bd7 19.e5 N7a6 20.Rb2 b4 21.Bxa6 bxc3 22.Rxb8
Qxb8 23.Bxc3 Nxa6 24.Qe1 Bb5 {#R} 0-1

[Event "Ch Czech Republic (juniors) (under 14)"]
[Site "masterchessopen.com - Hradec Kralove (Czech Republic)"]
[Round "7"]
[White "Voracek Miroslav (CZE)"]
[Black "Brychta Ivan (CZE)"]
[Result "1-0"]
[WhiteElo "2210"]
[BlackElo "2255"]

1.d4 Nf6 2.c4 c5 3.d5 e6 4.Nc3 exd5 5.cxd5 d6 6.e4 g6 7.f4 Bg7 8.Bb5+ Nfd7
9.a4 a6 10.Bd3 O-O 11.Nf3 Nf6 12.h3 Re8 13.O-O Nbd7 14.Nd2 Qc7 15.Qf3 Rb8
16.Kh1 c4 17.Nxc4 Nc5 18.e5 Nxd3 19.Nxd6 Nc5 20.Nxe8 Nxe8 21.Be3 f6 22.d6 Qa5
23.Qd5+ Be6 24.Qxc5 Qxc5 25.Bxc5 fxe5 26.fxe5 Bxe5 27.Rae1 Bc4 28.Rf3 Bg7
29.d7 {#r} 1-0

[Event "It (open)"]
[Site "masterchessopen.com - Linares (Spain)"]
[Round "5"]
[White "Gasimov Ragim (AZE)"]
[Black "Pavlovic Milos (SRB)"]
[Result "0-1"]
[WhiteElo "2395"]
[BlackElo "2485"]

1.d4 Nf6 2.c4 c5 3.d5 e6 4.Nc3 exd5 5.cxd5 d6 6.e4 g6 7.f4 Bg7 8.Bb5+ Nfd7
9.a4 O-O 10.Nf3 Nf6 11.O-O Bg4 12.Be2 Re8 13.e5 Bxf3 14.Bxf3 dxe5 15.fxe5 Rxe5
16.Bf4 Rf5 17.Qd2 h5 18.Kh1 Nbd7 19.d6 Ne5 20.Bxb7 Rb8 21.Be4 Nc4 22.Qe2 Nxe4
23.Nxe4 Rxb2 24.Qd3 Nb6 25.Rad1 c4 26.Qg3 Rb3 {#R} 0-1

[Event "Ch Czech Republic (w) (open)"]
[Site "masterchessopen.com - Ostrava (Czech Republic)"]
[Round "8"]
[White "Vacovska Veronika (CZE)"]
[Black "Sikorova Olga (CZE)"]
[Result "0-1"]
[WhiteElo "2077"]
[BlackElo "2190"]

1.d4 c5 2.d5 Nf6 3.c4 e6 4.Nc3 exd5 5.cxd5 d6 6.e4 g6 7.f4 Bg7 8.Bb5+ Nfd7
9.a4 O-O 10.Nf3 Na6 11.O-O Nc7 12.Bd3 a6 13.Re1 Re8 14.Nd2 Nf6 15.h3 Rb8 16.a5
Nh5 17.Nc4 Bd4+ 18.Kh2 Qh4 19.Rf1 Qg3+ 20.Kh1 Bxh3 21.Qf3 Bg4 22.Qxg3 Nxg3+
23.Kh2 Nxf1+ 24.Bxf1 Rbd8 {#R} 0-1

[Event "Memorial J.M.Soto"]
[Site "masterchessopen.com - San Jose (Costa Rica)"]
[Round "8"]
[White "Rodriguez Adrian (CRC)"]
[Black "Gonzalez Bernal (CRC)"]
[Result "0-1"]
[WhiteElo "2151"]
[BlackElo "2385"]

1.d4 Nf6 2.c4 c5 3.d5 e6 4.Nc3 exd5 5.cxd5 d6 6.e4 g6 7.f4 Bg7 8.Bb5+ Nfd7
9.a4 O-O 10.Nf3 Na6 11.O-O Nc7 12.Bd3 a6 13.Rb1 Rb8 14.Bd2 b5 15.axb5 Nxb5
16.Ne2 Nf6 17.h3 Re8 18.Ng3 Bd7 19.Re1 Qc8 20.Bc4 Bxh3 21.e5 Qg4 22.Kh2 Nh5
23.gxh3 Qxg3+ 24.Kh1 Qxh3+ 25.Nh2 dxe5 {#R} 0-1

[Event "Ch Canada (juniors) (under 14)"]
[Site "masterchessopen.com - Toronto (Canada)"]
[Round "1"]
[White "Ho Andrew (CAN)"]
[Black "Gottlieb Jonathan (CAN)"]
[Result "1-0"]
[WhiteElo "2340"]
[BlackElo "2168"]

1.d4 Nf6 2.c4 c5 3.d5 e6 4.Nc3 exd5 5.cxd5 d6 6.e4 g6 7.f4 Bg7 8.Bb5+ Nfd7
9.a4 O-O 10.Nf3 Re8 11.O-O Na6 12.f5 gxf5 13.Ng5 Re7 14.Bxd7 Bxd7 15.exf5 h6
16.Nge4 Bxc3 17.Nxc3 Re5 18.Qg4+ Kh7 19.Bxh6 Qg8 20.Qh4 Qh8 21.f6 Bg4 22.Bg7+
Rh5 23.Qxg4 {#r} 1-0

[Event "Ch World (juniors) (under 20)"]
[Site "masterchessopen.com - Zagan (Poland)"]
[Round "1"]
[White "Dao Thien Hai (VIE)"]
[Black "Ibraev Nurlan (KAZ)"]
[Result "1-0"]
[WhiteElo "2525"]
[BlackElo "2320"]

1.d4 Nf6 2.c4 e6 3.Nc3 c5 4.d5 exd5 5.cxd5 d6 6.e4 g6 7.f4 Bg7 8.Bb5+ Nfd7
9.a4 O-O 10.Nf3 Na6 11.O-O Nc7 12.Bd3 Nf6 13.h3 b6 14.Bc4 Ba6 15.Bxa6 Nxa6
16.e5 Ne8 17.Be3 Nb4 18.Qb3 Nc7 19.Rad1 Qd7 20.Bf2 Qf5 21.Bh4 Qxf4 22.Bg5 Qf5
23.exd6 Ne8 24.Be7 Nf6 25.Nd2 {#r} 1-0

[Event "Ch World (juniors) (under 20)"]
[Site "masterchessopen.com - Calicut (India)"]
[Round "2"]
[White "Dias Paulo (POR)"]
[Black "Mirzoev Azer (AZE)"]
[Result "0-1"]
[WhiteElo "2295"]
[BlackElo "2445"]

1.d4 Nf6 2.c4 c5 3.d5 e6 4.Nc3 exd5 5.cxd5 d6 6.e4 g6 7.f4 Bg7 8.Bb5+ Nfd7
9.a4 O-O 10.Nf3 Na6 11.O-O Nb4 12.Re1 a6 13.Bc4 Nb6 14.Bf1 Bg4 15.Be3 Re8
16.Qd2 Rc8 17.Kh1 Bxf3 18.gxf3 Nd7 19.Bf2 Bh6 20.Nb1 Qf6 21.Be3 Qh4 22.Na3 Nf6
23.Nc4 Rcd8 24.Be2 Nh5 25.f5 Bf4 26.Bxf4 Nxf4 27.Rg1 Nbxd5 28.Bf1 Nf6 29.Ne3
N6h5 30.Bc4 Qf6 31.Ng4 {#R} 0-1

[Event "Ch World (juniors) (under 20)"]
[Site "masterchessopen.com - Calicut (India)"]
[Round "1"]
[White "Ippolito Dean (USA)"]
[Black "Alvarez Johan (VEN)"]
[Result "1-0"]
[WhiteElo "2430"]
[BlackElo "2200"]

1.d4 Nf6 2.c4 c5 3.d5 e6 4.Nc3 exd5 5.cxd5 g6 6.e4 d6 7.f4 Bg7 8.Bb5+ Nfd7
9.a4 O-O 10.Nf3 Na6 11.O-O Nc7 12.Bd3 a6 13.Qe1 Rb8 14.a5 b5 15.axb6 Rxb6
16.e5 Re8 17.Qg3 dxe5 18.f5 Nb5 19.Nxb5 axb5 20.Ng5 Nf6 21.fxg6 fxg6 22.Ra7
Bb7 23.Ne6 Qxd5 24.Nc7 Qd7 25.Nxe8 Qxe8 26.Bg5 Nd7 27.Be2 Bc6 28.Bg4 Nf8
29.Qb3+ c4 30.Rxg7+ Kxg7 31.Qe3 Rb7 32.Bh6+ {#r} 1-0

[Event "Tournament (Elo) (3)"]
[Site "masterchessopen.com - Ecuador"]
[Round "0"]
[White "Pantoja Vera Jorge (ECU)"]
[Black "Ocana Briones Eduardo (ECU)"]
[Result "0-1"]
[WhiteElo "2132"]
[BlackElo "2107"]

1.d4 Nf6 2.c4 c5 3.d5 e6 4.Nc3 exd5 5.cxd5 d6 6.e4 g6 7.f4 Bg7 8.Bb5+ Nfd7
9.a4 Qh4+ 10.g3 Qe7 11.Qf3 O-O 12.Nge2 Na6 13.Bxd7 Bxd7 14.O-O f5 15.e5 dxe5
16.d6 Qxd6 17.fxe5 Bxe5 18.Be3 Bc6 19.Qf2 b6 20.Rad1 Qf6 21.Rd2 Rad8 22.Rfd1
Nb4 23.Bxc5 bxc5 24.Qxc5 Rxd2 25.Rxd2 Rb8 26.Qxa7 Qg5 27.Rd1 Qg4 28.Qf2 f4
29.Rd2 fxg3 30.hxg3 Rf8 31.Qe3 Qh3 32.Nf4 Bxf4 {#R} 0-1

[Event "It (open)"]
[Site "masterchessopen.com - Foment (Spain)"]
[Round "0"]
[White "Gual Pascual Antonio (ESP)"]
[Black "Serra Pagel Jordi (ESP)"]
[Result "1-0"]
[WhiteElo "2420"]
[BlackElo "2248"]

1.d4 Nf6 2.c4 e6 3.Nc3 c5 4.d5 exd5 5.cxd5 g6 6.e4 d6 7.f4 Bg7 8.Bb5+ Nfd7
9.a4 a6 10.Be2 Qh4+ 11.g3 Qe7 12.Nf3 O-O 13.O-O f6 14.Re1 Re8 15.Bf1 Qf7
16.Nd2 f5 17.Nc4 Qf6 18.exf5 Rxe1 19.Qxe1 gxf5 20.Qe8+ Qf8 21.Qe6+ Kh8 22.Nxd6
Nb6 23.Nxc8 Nxc8 24.a5 Qg8 25.Be3 {#r} 1-0

[Event "It (open) (juniors)"]
[Site "masterchessopen.com - Hollabrunn (Austria)"]
[Round "6"]
[White "Lehocky Viktor (SVK)"]
[Black "Mirzoev Azer (AZE)"]
[Result "0-1"]
[WhiteElo "2066"]
[BlackElo "2445"]

1.d4 Nf6 2.c4 c5 3.d5 e6 4.Nc3 exd5 5.cxd5 d6 6.e4 g6 7.f4 Bg7 8.Bb5+ Nfd7
9.a4 O-O 10.Nf3 Na6 11.O-O Nb4 12.Be3 a6 13.Bc4 Re8 14.Bf2 Nb6 15.Be2 Bg4
16.h3 Bxf3 17.Bxf3 Nc4 18.Qe2 Na5 19.Ra3 c4 20.Be3 Rc8 21.Nd1 Nb3 22.Bg4 Rxe4
23.Bxc8 Qxc8 24.Kh1 Nxd5 25.Kh2 Qe6 {#R} 0-1

[Event "Ch Hungary (team) 1997/98"]
[Site "masterchessopen.com - Hungary"]
[Round "0"]
[White "Deak Ferenc (HUN)"]
[Black "Kocsis Janos (HUN)"]
[Result "1-0"]
[WhiteElo "2285"]
[BlackElo "2280"]

1.d4 Nf6 2.c4 e6 3.Nc3 c5 4.d5 exd5 5.cxd5 d6 6.e4 g6 7.f4 Bg7 8.Bb5+ Nfd7
9.a4 O-O 10.Nf3 a6 11.Bd3 Nf6 12.h3 Re8 13.O-O c4 14.Bc2 Nbd7 15.Be3 Nc5
16.Bxc5 dxc5 17.e5 Nh5 18.Nd2 Bh6 19.Nxc4 Bxf4 20.Qf3 f5 21.Rfe1 Bg3 22.Re3
Rb8 23.a5 Bd7 24.Ne2 f4 25.Nxg3 fxe3 26.Nxh5 gxh5 27.e6 Bxe6 28.dxe6 Rxe6
29.Bxh7+ Kg7 30.Bf5 Re7 31.Nxe3 Qc7 32.Nd5 {#r} 1-0

[Event "It (open) (juniors)"]
[Site "masterchessopen.com - Plzen (Czech Republic)"]
[Round "7"]
[White "Rozmbersky David (CZE)"]
[Black "Macharacek Simon (CZE)"]
[Result "1-0"]
[WhiteElo "2207"]
[BlackElo "2186"]

1.d4 Nf6 2.c4 c5 3.d5 e6 4.Nc3 exd5 5.cxd5 g6 6.e4 d6 7.f4 Bg7 8.Bb5+ Nfd7
9.a4 Na6 10.Nf3 Nc7 11.Bd3 O-O 12.O-O Re8 13.Bd2 b6 14.Qe2 Nf6 15.Qf2 Ba6
16.Bxa6 Nxa6 17.Qe2 Nb4 18.Qc4 a6 19.e5 dxe5 20.fxe5 Nfxd5 21.Bg5 Ne7 22.Rad1
Qc7 23.Ne4 Nbc6 24.Nf6+ Bxf6 25.Bxf6 Nf5 26.g4 Ng7 27.Qf4 Nd4 28.Nxd4 {#r} 1-0